[Event "San Francisco TNM Winter op"]
[Site "San Francisco"]
[Date "2017.02.14"]
[Round "7"]
[White "Cunningham, Charles"]
[Black "Marrus, Matthew E"]
[Result "1-0"]
[WhiteElo "1453"]
[BlackElo "1240"]
[PlyCount "65"]
[EventDate "2017.01.03"]
[EventType "swiss"]
[EventRounds "8"]
[EventCountry "USA"]
[SourceTitle "EXT 2018"]
[Source "ChessBase"]
[SourceDate "2017.10.13"]
[SourceVersion "1"]
[SourceVersionDate "2017.10.13"]
[SourceQuality "1"]

1. e4 e5 2. Nf3 Nc6 3. d4 exd4 4. Nxd4 Nf6 5. Nxc6 bxc6 6. Nc3 Bc5 7. e5 Qe7 8. f4 d5 9. h3 0-0 10. Qe2 Ne4 11. Nxe4 dxe4 12. g3 Bf5 13. Bd2 e3 14. Bxe3 Bxe3 15. Qxe3 Qb4+ 16. Kf2 Qxb2 17. Bd3 Bxd3 18. Qxd3 Rad8 19. Qe2 Qb6+ 20. Kf3 Qa5 21. Rhd1 Qc3+ 22. Kg4 Rde8 23. Rab1 Re6 24. Qd3 Rg6+ 25. Kf3 Qxd3+ 26. Rxd3 h5 27. Rb7 Re6 28. Rxc7 g5 29. Rdd7 g4+ 30. hxg4 hxg4+ 31. Kxg4 Rg6+ 32. Kf3 Kh8 33. Rxf7 1-0

[Event "San Francisco TNM Fall op"]
[Site "San Francisco"]
[Date "2016.11.15"]
[Round "5"]
[White "Marrus, Matthew E"]
[Black "Starr, Albert Martin"]
[Result "0-1"]
[WhiteElo "1335"]
[BlackElo "1511"]
[PlyCount "56"]
[EventDate "2016.10.18"]
[EventType "swiss"]
[EventRounds "9"]
[EventCountry "USA"]
[SourceTitle "EXT 2018"]
[Source "ChessBase"]
[SourceDate "2017.10.13"]
[SourceVersion "1"]
[SourceVersionDate "2017.10.13"]
[SourceQuality "1"]

1. e4 e5 2. Nf3 Nf6 3. Nc3 Bb4 4. Bc4 0-0 5. 0-0 d6 6. d3 h6 7. h3 Re8 8. Nd5 Nxd5 9. Bxd5 c6 10. Bb3 Be6 11. c4 Nd7 12. a3 Ba5 13. d4 f6 14. d5 cxd5 15. cxd5 Bf7 16. Nh4 Nf8 17. Qg4 Qd7 18. Nf5 Bg6 19. f4 Bxf5 20. exf5 e4 21. Ba2 Bb6+ 22. Kh2 Qb5 23. Bd2 Qxb2 24. Bb4 Rad8 25. Qh5 Re7 26. Bc4 Be3 27. Ra2 Qd4 28. Rd1 Qxc4 0-1

[Event "San Francisco Benson Memorial"]
[Site "San Francisco"]
[Date "2016.09.13"]
[Round "7"]
[White "Nassif, Wassim J"]
[Black "Marrus, Matthew E"]
[Result "1-0"]
[WhiteElo "1177"]
[BlackElo "1335"]
[PlyCount "63"]
[EventDate "2016.08.02"]
[EventType "swiss"]
[EventRounds "9"]
[EventCountry "USA"]
[SourceTitle "EXT 2018"]
[Source "ChessBase"]
[SourceDate "2017.10.13"]
[SourceVersion "1"]
[SourceVersionDate "2017.10.13"]
[SourceQuality "1"]

1. e4 e5 2. Nf3 Nc6 3. Bc4 Bc5 4. 0-0 Nf6 5. d3 d6 6. Ng5 d5 7. exd5 Bg4 8. Qe1 Nd4 9. Qxe5+ Qe7 10. Qxe7+ Bxe7 11. Bb3 Bc5 12. Re1+ Ne2+ 13. Kf1 0-0 14. f3 Bxf3 15. gxf3 Rfe8 16. Rxe2 Red8 17. c4 c6 18. Ne4 Nd7 19. Nxc5 Nxc5 20. d4 Nd3 21. Bd2 cxd5 22. c5 Nxb2 23. Nc3 a5 24. Re3 Nc4 25. Bxc4 dxc4 26. a4 Rxd4 27. Ke2 b6 28. Nb5 Rh4 29. Rh1 Rc8 30. Be1 Rf4 31. Bg3 Rf5 32. Nd6 1-0